| 000 | 00803nam a22002417a 4500 | ||
|---|---|---|---|
| 003 | dpl | ||
| 005 | 20180711123623.0 | ||
| 008 | 180625b xxu||||| |||| 00| 0 eng d | ||
| 010 | _aB-181185 | ||
| 020 |
_c800.00 _a8186623787 |
||
| 035 | _aB-181185, B-128326, B-128322 | ||
| 037 | _bCen Lib/Ret | ||
| 040 |
_aDPL _bEN _c0 |
||
| 082 |
_a668.14 _bCOM |
||
| 110 |
_aDelhi.National Institute of Industrial Research _9100020 |
||
| 245 | _aThe complete technology book on detergents / | ||
| 260 |
_aDelhi _bNational Institute of Industrial Research |
||
| 270 |
_a106-E, Kamla Nagar, P.E.No.2162 _bDelhi _e110007 |
||
| 300 |
_axiii,480p. _c20cm(pbk) |
||
| 650 |
_aDetergents - components _9100021 |
||
| 650 |
_aIngredients for detergents _9100022 |
||
| 942 |
_2ddc _cEN _h668.14 _mCOM |
||
| 999 |
_c136001 _d136001 |
||